| 000 | 00413nam a2200145Ia 4500 | ||
|---|---|---|---|
| 008 | 180921t2012 xxu||||| |||| 00| 0 eng d | ||
| 041 | _aeng | ||
| 080 |
_a551.58 _bINT |
||
| 245 | _aInternational Symposium on Water Quality and Human Health : Challenges Ahead 22 - 23 March 2012 | ||
| 260 |
_bS.n. _aS.I. _c2012 |
||
| 300 | _a67, 25 cm | ||
| 942 | _cBK | ||
| 999 |
_c14025 _d14025 |
||
| 003 | LK-CoDNM | ||
| 040 |
_aLK-CoDNM _dLK-CoDNM _eLK-CoDNM |
||